Quiz o Rydułtowach - Statystyki

Ogólne statystyki
  • Ten quiz został rozwiązany 9 razy
  • Średni wynik to 6 z 14
Statystyki odpowiedzi
Pytanie Odpowiedź % Poprawnych
Jak nazywa się największe osiedle mieszkaniowe Rydułtów? Orłowiec
100%
Poza Rybnikiem i Gaszowicami, jak nazywają się trzy pozostałe gminy graniczące z Rydułtowami? Pszów
83%
Poza Rybnikiem i Gaszowicami, jak nazywają się trzy pozostałe gminy graniczące z Rydułtowami? Radlin
83%
Jak nazywa się klub sportowy z Rydułtów, którego sekcja piłki nożnej występuje obecnie w A klasie? Naprzód Rydułtowy
67%
Jak nazywa się część miasta i osiedle Rydułtów, które graniczy z gminami - Rybnik i Gaszowice? Radoszowy
67%
Poza Rybnikiem i Gaszowicami, jak nazywają się trzy pozostałe gminy graniczące z Rydułtowami? Kornowac
50%
Jak nazywa się najstarsza rzymskokatolicka parafia położona na terenie obecnych Rydułtów? Parafia św. {Jerzego} w Rydułtowach
50%
Jak nazywała się kopalnia węgla kamiennego, która do 2004 r. działała samodzielnie, a później funkcjonowała pod nazwą KWK ____-Anna? KWK {Rydułtowy}
33%
Kto jest obecnym burmistrzem Rydułtów? Marcin Połomski
33%
Kto był/a jego poprzednikiem/czką? Kornelia Newy
17%
Jak nazywa się dawna gmina, która w 1951 r. została przyłączona do Rydułtów? Wskazówka: zaczyna się na literę P Pietrzkowice
17%
Jak nazywa się wybitny polski kompozytor i pedagog, twórca światowej sławy "Symfonii pieśni żałosnych", przez wiele lat związany z Rydułtowami? Henryk Mikołaj Górecki
0%
Jak nazywa się polski malarz, rzeźbiarz, pedagog, długoletni wykładowca na Państwowej Wyższej Szkole Sztuk Plastycznych w Katowicach i pionier sztuki na Śląsku, który jest związany z Rydułtowami? Ludwik Konarzewski
0%
Jak nazywa się polski rzeźbiarz i medalier, autor ponad 2 000 rzeźb i pomników oraz kilkuset medali, znany zwłaszcza z monumentalnych realizacji sakralnych i publicznych, który urodził się w 1936 r. w Rydułtowach? Zygmunt Brachmański
0%
Nie znaleziono quizów pasujących do podanych kryteriów
Rozkład punktacji
Procent ludzi z każdym wynikiem
Percentyl według liczby udzielonych odpowiedzi
Twoja historia wyników
Nie rozwiązałeś tego quizu